000 00312nam a22001337a 4500
999 _c533909
_d533909
020 _a1840220627
040 _cMSOHAIL
082 _a823.8
100 _aAdam Bede
_927959
245 _aFour Novels of George Eliot
260 _aLondon
_bWordsworth Editions Ltd
_cc2005
300 _a1421;pxv
942 _2ddc
_cBK